| 000 | 00580nam a2200157 4500 | ||
|---|---|---|---|
| 082 | _aBSCS-3 AWA | ||
| 100 | _aM. Awais Zulfiqar | Umad ul Hassan | Mouman Shafi Chaudhry | ||
| 245 | _aiSMILE : Speech recognition solution for children with learning disabilities | ||
| 260 |
_a(Islamabad) _bNUST-SEECS _c2017 |
||
| 300 |
_a45p. _eCD Includes |
||
| 563 | _aHBK. | ||
| 856 | _uhttp://10.250.8.41:8080/xmlui/handle/123456789/28647 | ||
| 942 |
_2ddc _cPR |
||
| 999 |
_c331533 _d331533 |
||